01726nam a2200337 i 4500001001000000003000900010005001700019007000300036008004100039040003000080082002000110100005700130245006200187264004900249300002800298336002900326337003300355338003100388490002200419590002600441650002800467650003100495910004200526942001400568952014700582952014700729952022000876952013601096952014101232999001501373000010137DO-SdBNP20250303134742.0ta091005s1986 dr r 000 p spa d aDO-SdBNPbspacBNPHUerda 4aRD861.44bC843p1 aCotes Morales, Juan Demóstenes9248684aut.eautor10aPuerto Rico en la mano del mundo /cJ. D. Costes Morales. aSanto Domingo :bBiblioteca Nacional,c1986. a55 páginas ;c21 cm. atexto btxt2rdacontent  asin mediaciónbn2rdamedia avolumen bnc2rdacarrier 0 aColección Orfeo aInventariado, 2018/BT 0aPoesía dominicana966 0aLiteratura dominicana.967 aValidado. Control de calidad. MMOLINA 2ddccLBS1 00102ddc56708DSaBNPHUbBNPHUcHDd2011-03-03l0oBNPHU DS RD861.44 C843pp10137-30r2020-06-25te.3w2020-06-25yLBS1ZPréstamo en sala 00102ddc56708DSaBNPHUbBNPHUcHDd2011-03-03l0oBNPHU DS RD861.44 C843pp10137-40r2020-06-25te.4w2020-06-25yLBS1ZPréstamo en sala 00102ddc56708DSaBNPHUbBNPHUcHDd2011-03-03l0oBNPHU DS RD861.44 C843pp10137-50r2020-06-25te.5w2020-06-25yLBS1zPerteneció a la biblioteca personal de Juan Isidro Jimenes-Grullón.ZPréstamo en sala 00102ddc51708PDaBNPHUbBNPHUcHDd2009-10-05l0oBNPHU PD RD861.44 C843pp10137-10r2020-06-25w2020-06-25yLBS1ZNo se presta 00102ddc51708PDaBNPHUbBNPHUcHDd2009-10-05l0oBNPHU PD RD861.44 C843pp10137-20r2020-06-25te.2w2020-06-25yLBS1ZNo se presta c9896d9896